000
00337nam a2200145Ia 4500
003
OSt
008
191201s2009 xx 000 0 und d
082
_a
658.4022
_b
CHT
100
_a
CHHABRA, T.N.
245
0
_a
Team Building and Leadership
260
_a
New Delhi
_b
Sun India
_c
2009
300
_a
326+16
650
_a
BBA
942
_2
ddc
_c
BK
999
_c
6598
_d
6598